| 000 | 01036cam a2200337 a 4500 | ||
|---|---|---|---|
| 005 | 20260322212059.0 | ||
| 008 | data | ||
| 010 | _a 87008211 | ||
| 020 | _a0446513857 | ||
| 020 | _a9780446513852 | ||
| 040 |
_aDLC _cDLC _dDLC |
||
| 043 | _aln----- | ||
| 050 | 0 | 0 |
_aG530.T6 _bB49 1987 |
| 082 | 0 | 0 |
_a910/.91634 _221 |
| 092 | _a622 B49 1987 | ||
| 100 | 1 | _aBallard, Robert D. | |
| 245 | 1 | 4 |
_aThe discovery of the Titanic / _cRobert D. Ballard & Rick Archbold. |
| 260 |
_aNew York, N.Y. : _bWarner Books, _cc1987. |
||
| 300 |
_a230 p. : _bill. (some col.) ; _c29 cm. |
||
| 500 | _aCover title: Titanic. | ||
| 500 | _a"A Warner/Madison Press book." | ||
| 500 | _aIncludes index. | ||
| 610 | 2 | 0 | _aTitanic (Steamship) |
| 650 | 0 |
_aShipwrecks _zNorth Atlantic Ocean. |
|
| 650 | 0 |
_aUnderwater exploration _zNorth Atlantic Ocean. |
|
| 700 | 1 |
_aArchbold, Rick, _d1950- |
|
| 740 | 0 | _aTitanic. | |
| 906 |
_a7 _bcbc _corignew _d1 _eocip _f19 _gy-gencatlg |
||
| 991 |
_bc-GenColl _hG530.T6 _iB49 1987 _p00009551372 _tCopy 1 _wBOOKS |
||
| 001 | data | ||
| 999 |
_c1401 _d1401 |
||